| 000 | 00696cam a2200253Ia 4500 | ||
|---|---|---|---|
| 999 |
_c1270 _d1270 |
||
| 001 | 11049627 | ||
| 003 | OCoLC | ||
| 005 | 20180910152951.0 | ||
| 008 | 840813r19761974caua 000 0 eng d | ||
| 010 | _z75026356 | ||
| 020 | _a0083704159 | ||
| 020 | _a0830704159 | ||
| 040 |
_aOWL _cOWL _dOCL _dKMA _dWEV _dBSC |
||
| 082 |
_a266.02 _bR521P |
||
| 092 |
_a266.023 _bR522p, 1976 |
||
| 100 | 1 |
_aRichardson, Don, _d1935- |
|
| 245 | 1 | 0 |
_aPeace child / _cDon Richardson. |
| 250 | _a3rd ed. | ||
| 260 |
_aVentura, Calif. : _bRegal Books, _c1976, c1974. |
||
| 300 |
_a288 p. : _bill. ; _c21 cm. |
||
| 650 | 0 |
_aSawi (Indonesian people) _xMissions. |
|
| 650 | 0 | _aSawi (Indonesian people) | |
| 942 |
_2ddc _cBK |
||